000 00399nam a2200145Ia 4500
003 GCL
008 140319s9999 xx 000 0 ara d
040 _aGCL /
_cGCL
082 0 4 _a273
_bم خ
100 1 _aونيس عبد المسيح
245 1 0 _aالخلاص /
_cونيس عبد المسيح
260 _a[S.N] :
_bدار الثقافة العربية ،
_c1987
300 _a184 ص
490 _a
999 _c53799
_d53799